000
00273nam a2200097Ia 4500
005
20251222114357.0
008
251222s1900||||xx |||||||||||||| ||spa||
082
_a
DVD0125/R68/2003
245
0
_a
JoaquĆn Sabina en concierto desde el teatro de Rex de Buenos Aires:
942
_c
DVD
999
_c
1468
_d
1468